[Event "SLO-chT U20"]
[Site "Murska Sobota"]
[Date "2007.08.28"]
[Round "5"]
[White "Bilbija, Istok"]
[Black "Ursic, Jakob"]
[Result "1/2-1/2"]
[WhiteElo "1987"]
[BlackElo "1899"]
[PlyCount "69"]
[EventDate "2007.08.25"]
[EventType "team-swiss"]
[EventRounds "9"]
[EventCountry "SLO"]
[SourceTitle "CBM 120 Extra"]
[Source "ChessBase"]
[SourceDate "2007.11.01"]
[SourceVersion "1"]
[SourceVersionDate "2007.11.01"]
[SourceQuality "1"]

1. e4 e5 2. Nf3 Nc6 3. Bc4 Bc5 4. Nc3 Nf6 5. d3 h6 6. h3 d6 7. Be3 Bb6 8. Bb3 Bd7 9. Qd2 Qe7 10. 0-0-0 Nd4 11. Rhe1 Nxb3+ 12. axb3 Ba5 13. Qe2 Bxc3 14. bxc3 a5 15. Kb2 0-0 16. g4 Nh7 17. Ra1 a4 18. b4 Ra6 19. Ra3 c5 20. Bd2 Rc8 21. Rea1 Qd8 22. Ne1 Ng5 23. Bxg5 Qxg5 24. bxc5 Rxc5 25. Qe3 Qd8 26. Kc1 Qa5 27. Qd2 b5 28. f3 Rac6 29. Kb2 f6 30. Rb1 Rc7 31. Rba1 Be6 32. Kc1 Bd7 33. Kb2 Rb7 34. Kc1 Rbc7 35. Kb2 1/2-1/2

[Event "SLO-chT U20"]
[Site "Murska Sobota"]
[Date "2007.08.26"]
[Round "2"]
[White "Pecar, Maks"]
[Black "Bilbija, Istok"]
[Result "0-1"]
[WhiteElo "1668"]
[BlackElo "1987"]
[PlyCount "130"]
[EventDate "2007.08.25"]
[EventType "team-swiss"]
[EventRounds "9"]
[EventCountry "SLO"]
[SourceTitle "CBM 120 Extra"]
[Source "ChessBase"]
[SourceDate "2007.11.01"]
[SourceVersion "1"]
[SourceVersionDate "2007.11.01"]
[SourceQuality "1"]

1. d4 Nf6 2. c4 g6 3. Nc3 Bg7 4. e4 d6 5. Nf3 0-0 6. Be2 e5 7. 0-0 Nc6 8. d5 Ne7 9. b4 Nd7 10. Nd2 f5 11. f3 f4 12. Nb3 g5 13. a4 h5 14. Ba3 Nf6 15. h3 Ng6 16. c5 Rf7 17. b5 Bf8 18. Ra2 Rh7 19. cxd6 cxd6 20. a5 g4 21. Kh2 g3+ 22. Kh1 Ne8 23. Re1 Nh4 24. Bf1 Nxg2 25. Bxg2 Qh4 26. Kg1 Bxh3 27. Bxh3 Qxh3 28. Nc1 h4 29. Nd3 Qd7 30. Qc1 h3 31. Nxf4 Bh6 32. Nce2 Qf7 33. Qc3 exf4 34. Nd4 Bg7 35. Qd3 Bxd4+ 36. Qxd4 Qg7 37. Bb2 h2+ 38. Kg2 h1Q+ 39. Rxh1 Rxh1 40. Qxg7+ Nxg7 41. Kxh1 Rc8 42. Bxg7 Kxg7 43. a6 b6 44. Kg2 Kf6 45. Rb2 Ke5 46. Rb4 Rc2+ 47. Kg1 Kf6 48. Rb3 Kg5 49. Rd3 Kf6 50. Rb3 Rc4 51. Kg2 Ke5 52. Rd3 Rc2+ 53. Kg1 Rc5 54. Rb3 Kd4 55. Rb4+ Ke3 56. Rb3+ Ke2 57. Kg2 Rc2 58. Ra3 Kd1+ 59. Kg1 Kd2 60. Kg2 Rc5 61. Rb3 Kc2 62. Rb4 Kc3 63. Rb1 Kc4 64. Rc1+ Kxb5 65. Rxc5+ Kxc5 0-1

[Event "SLO-ch qual"]
[Site "Ljubljana"]
[Date "2007.07.14"]
[Round "9"]
[White "Bilbija, Istok"]
[Black "Susnik, Matej"]
[Result "0-1"]
[WhiteElo "1987"]
[BlackElo "2181"]
[PlyCount "28"]
[EventDate "2007.07.05"]
[EventType "swiss"]
[EventRounds "9"]
[EventCountry "SLO"]
[SourceTitle "EXT 2010"]
[Source "ChessBase"]
[SourceDate "2010.11.25"]
[SourceVersion "1"]
[SourceVersionDate "2010.11.25"]
[SourceQuality "1"]

1. e4 e5 2. f4 exf4 3. Nf3 h6 4. Bc4 d6 5. d4 g5 6. h4 Bg7 7. Nc3 Nc6 8. Nb5 a6 9. hxg5 axb5 10. Bxb5 hxg5 11. Rxh8 Bxh8 12. d5 Bd7 13. dxc6 bxc6 14. Bd3 g4 0-1

[Event "SLO-ch qual"]
[Site "Ljubljana"]
[Date "2007.07.07"]
[Round "4"]
[White "Bilbija, Istok"]
[Black "Muhic, Sulejman"]
[Result "0-1"]
[WhiteElo "1987"]
[BlackElo "1764"]
[PlyCount "52"]
[EventDate "2007.07.05"]
[EventType "swiss"]
[EventRounds "9"]
[EventCountry "SLO"]
[SourceTitle "EXT 2010"]
[Source "ChessBase"]
[SourceDate "2010.11.25"]
[SourceVersion "1"]
[SourceVersionDate "2010.11.25"]
[SourceQuality "1"]

1. e4 c5 2. Nc3 e6 3. g3 a6 4. Bg2 b5 5. d3 Bb7 6. a3 d6 7. f4 Nd7 8. Nf3 Ngf6 9. 0-0 Be7 10. e5 Nd5 11. exd6 Bxd6 12. Ne4 Be7 13. c3 N5f6 14. Nxf6+ Bxf6 15. Be3 0-0 16. d4 Rc8 17. Ne5 Bxg2 18. Kxg2 c4 19. Qf3 Qc7 20. Rad1 Nb6 21. Ng4 Be7 22. f5 Nd5 23. Bc1 Qc6 24. fxe6 fxe6 25. Ne5 Qa8 26. Qe2 Nxc3+ 0-1

[Event "SLO-chT U20"]
[Site "Otocec"]
[Date "2006.08.20"]
[Round "2"]
[White "Bilbija, Istok"]
[Black "Srebrnic, Marko"]
[Result "0-1"]
[WhiteElo "1974"]
[BlackElo "2285"]
[PlyCount "102"]
[EventDate "2006.08.19"]
[EventType "team"]
[EventRounds "9"]
[EventCountry "SLO"]
[SourceTitle "EXT 2007"]
[Source "ChessBase"]
[SourceDate "2006.11.23"]
[SourceVersion "1"]
[SourceVersionDate "2006.11.23"]
[SourceQuality "1"]

1. e4 d6 2. f4 c5 3. Nf3 Nc6 4. Nc3 Bg4 5. Be2 g6 6. d3 Bg7 7. Bd2 e6 8. 0-0 Nge7 9. Rb1 0-0 10. h3 Bxf3 11. Bxf3 Rb8 12. Ne2 b5 13. c3 b4 14. b3 Qb6 15. Kh2 Qa5 16. c4 Qxa2 17. e5 Qa6 18. exd6 Nf5 19. g4 Nfd4 20. Be3 Nxe2 21. Qxe2 Nd4 22. Bxd4 Bxd4 23. Kg2 Qxd6 24. f5 exf5 25. gxf5 Rbe8 26. Be4 Re5 27. Rf3 gxf5 28. Rxf5 Kh8 29. Qh5 Rxf5 30. Qxf5 Qg6+ 31. Qxg6 hxg6 32. Kg3 Re8 33. Rd1 f5 34. Bc6 Re6 35. Ba4 Re3+ 36. Kg2 f4 37. Bc6 a5 38. Bf3 Re6 39. Bg4 Re7 40. Bf3 Kg7 41. Rf1 a4 42. bxa4 b3 43. Be4 Re6 44. Bf3 b2 45. Rb1 Rb6 46. Bd1 Rb8 47. Bc2 Be3 48. Re1 Kf6 49. Kf3 Ke5 50. Bb1 Kd4 51. Re2 Kc3 0-1

[Event "SLO-chT U20"]
[Site "Sentjur"]
[Date "2005.08.26"]
[Round "8"]
[White "Stajner, Samo"]
[Black "Bilbija, Istok"]
[Result "1/2-1/2"]
[WhiteElo "2144"]
[BlackElo "1985"]
[PlyCount "70"]
[EventDate "2005.08.21"]
[EventType "team"]
[EventRounds "9"]
[EventCountry "SLO"]
[SourceTitle "EXT 2008"]
[Source "ChessBase"]
[SourceDate "2007.11.25"]
[SourceVersion "1"]
[SourceVersionDate "2007.11.25"]
[SourceQuality "1"]

1. e4 c5 2. Nf3 Nc6 3. g3 d6 4. Bg2 Nf6 5. d3 g6 6. 0-0 Bg7 7. Nbd2 0-0 8. c3 e5 9. Nc4 Rb8 10. Bg5 h6 11. Bxf6 Bxf6 12. Ne3 Bg7 13. h4 b5 14. h5 g5 15. Nh2 b4 16. Nf5 Bxf5 17. exf5 Ne7 18. Qf3 f6 19. c4 Qd7 20. g4 Rfd8 21. Rfd1 d5 22. Nf1 a5 23. Ne3 d4 24. Nf1 a4 25. Ng3 Rb6 26. Re1 Qc7 27. Re4 Ra6 28. Rae1 a3 29. R4e2 Qa7 30. Rb1 Kf7 31. Rd2 Bf8 32. Ne4 Nc8 33. Qd1 Nb6 34. b3 Nc8 35. Re2 Bd6 1/2-1/2

[Event "SLO-chT U20"]
[Site "Sentjur"]
[Date "2005.08.24"]
[Round "6"]
[White "Bilbija, Istok"]
[Black "Srebrnic, Marko"]
[Result "1/2-1/2"]
[WhiteElo "1985"]
[BlackElo "2238"]
[PlyCount "94"]
[EventDate "2005.08.21"]
[EventType "team"]
[EventRounds "9"]
[EventCountry "SLO"]
[SourceTitle "EXT 2008"]
[Source "ChessBase"]
[SourceDate "2007.11.25"]
[SourceVersion "1"]
[SourceVersionDate "2007.11.25"]
[SourceQuality "1"]

1. e4 d6 2. f4 c5 3. Nf3 Nc6 4. g3 Bg4 5. Bg2 Qd7 6. h3 Bxf3 7. Bxf3 g6 8. Nc3 Bg7 9. d3 e6 10. Be3 Nd4 11. Bg2 Ne7 12. Rb1 Nec6 13. Ne2 Nb4 14. Nxd4 cxd4 15. Bd2 Na6 16. c4 0-0 17. 0-0 f5 18. b4 Rae8 19. b5 Nc5 20. Bb4 fxe4 21. Bxc5 dxc5 22. Bxe4 e5 23. Qg4 Qxg4 24. hxg4 exf4 25. gxf4 b6 26. Rb2 Re7 27. Re2 Rfe8 28. f5 gxf5 29. Rxf5 Bh6 30. Kg2 Be3 31. Kf3 h6 32. a4 Re5 33. Rxe5 Rxe5 34. Ra2 Re8 35. a5 Rf8+ 36. Kg3 Rf6 37. axb6 axb6 38. Ra6 Bd2 39. Bc6 Be1+ 40. Kh3 Ba5 41. Ra7 Kf8 42. Bd5 Be1 43. Rb7 Ba5 44. Kh4 Rd6 45. Bc6 Rf6 46. Kh5 Rd6 47. Rh7 Bd2 1/2-1/2

[Event "SLO-chT U20"]
[Site "Sentjur"]
[Date "2005.08.21"]
[Round "2"]
[White "Bilbija, Istok"]
[Black "Orel, Anze"]
[Result "1/2-1/2"]
[WhiteElo "1985"]
[BlackElo "1992"]
[PlyCount "77"]
[EventDate "2005.08.21"]
[EventType "team"]
[EventRounds "9"]
[EventCountry "SLO"]
[SourceTitle "EXT 2008"]
[Source "ChessBase"]
[SourceDate "2007.11.25"]
[SourceVersion "1"]
[SourceVersionDate "2007.11.25"]
[SourceQuality "1"]

1. e4 c5 2. Nc3 Nc6 3. g3 e5 4. Bg2 g6 5. d3 Bg7 6. f4 Nge7 7. Nf3 d6 8. Be3 f6 9. 0-0 Nd4 10. fxe5 dxe5 11. Ne2 h5 12. c3 Nxf3+ 13. Bxf3 b6 14. d4 cxd4 15. cxd4 0-0 16. dxe5 fxe5 17. Qxd8 Rxd8 18. Bg5 Re8 19. Nc3 Ba6 20. Rfd1 Kf7 21. Rd7 Bf6 22. Bxf6 Kxf6 23. Be2 Bxe2 24. Nxe2 Red8 25. Rad1 Rxd7 26. Rxd7 Ke6 27. Rd1 Rc8 28. Nc3 Rc4 29. Kf2 Nc6 30. Ke3 Rd4 31. Rd2 Rxd2 32. Kxd2 Nd4 33. Kd3 g5 34. Ne2 Nxe2 35. Kxe2 Kd6 36. Kd3 Kc5 37. Kc3 a5 38. b3 b5 39. a3 1/2-1/2

[Event "SLO-ch U18"]
[Site "Sentjur"]
[Date "2005.03.03"]
[Round "7"]
[White "Volf, Ziga"]
[Black "Bilbija, Istok"]
[Result "1/2-1/2"]
[WhiteElo "2133"]
[BlackElo "1986"]
[PlyCount "90"]
[EventDate "2005.02.26"]
[EventType "swiss"]
[EventRounds "9"]
[EventCountry "SLO"]
[SourceTitle "CBM 105 Extra"]
[Source "ChessBase"]
[SourceDate "2005.05.01"]
[SourceVersion "1"]
[SourceVersionDate "2005.05.01"]
[SourceQuality "1"]

1. g3 g6 2. Bg2 Bg7 3. e4 c5 4. Ne2 Nc6 5. 0-0 d6 6. d3 e6 7. Nbc3 Nge7 8. Be3 0-0 9. Qd2 Nd4 10. f4 Nec6 11. Nd1 Rb8 12. c3 Nxe2+ 13. Qxe2 b6 14. f5 Bb7 15. fxe6 fxe6 16. Nf2 e5 17. Ng4 Qe7 18. Bh6 Rxf1+ 19. Rxf1 Rf8 20. Bxg7 Kxg7 21. Rxf8 Qxf8 22. Qe3 Qe7 23. Qh6+ Kg8 24. a3 Bc8 25. Ne3 Be6 26. Bh3 Qd7 27. Bxe6+ Qxe6 28. Qg5 Ne7 29. Ng4 Kg7 30. h4 Ng8 31. h5 Nf6 32. Nxf6 Qxf6 33. Qg4 Qf7 34. c4 Qe8 35. b3 a5 36. Qg5 Qd7 37. Kg2 Qe8 38. Kh3 Qd7+ 39. Kh4 Qe8 40. Kh3 Qe6+ 41. g4 Qd7 42. Kh4 Qf7 43. h6+ Kg8 44. Qd8+ Qf8 45. Qxf8+ Kxf8 1/2-1/2

[Event "SLO-ch U18"]
[Site "Sentjur"]
[Date "2005.02.27"]
[Round "2"]
[White "Bilbija, Istok"]
[Black "Debevec, Blaz"]
[Result "1/2-1/2"]
[WhiteElo "1986"]
[BlackElo "1913"]
[PlyCount "104"]
[EventDate "2005.02.26"]
[EventType "swiss"]
[EventRounds "9"]
[EventCountry "SLO"]
[SourceTitle "CBM 105 Extra"]
[Source "ChessBase"]
[SourceDate "2005.05.01"]
[SourceVersion "1"]
[SourceVersionDate "2005.05.01"]
[SourceQuality "1"]

1. e4 e5 2. f4 exf4 3. Nf3 f5 4. exf5 d5 5. d4 Bd6 6. Bd3 Qf6 7. 0-0 Nc6 8. c3 Bxf5 9. Bxf5 Qxf5 10. Qe2+ Nge7 11. Nh4 Qg5 12. Nf3 Qf5 13. Nbd2 g5 14. Nb3 0-0-0 15. Nc5 Bxc5 16. dxc5 Ng6 17. Nd4 Nxd4 18. cxd4 g4 19. Qf2 Rdf8 20. Bd2 h5 21. Rae1 h4 22. Qe2 Rf6 23. Kh1 f3 24. gxf3 gxf3 25. Qe3 h3 26. Rf2 Rg8 27. Ra1 Rgf8 28. Qg5 Qxg5 29. Bxg5 Re6 30. Raf1 Rf5 31. Bd2 Nh4 32. Re1 Re2 33. Rexe2 fxe2 34. Rxf5 Nxf5 35. Kg1 Nxd4 36. Kf2 Kd7 37. Ke3 Ne6 38. b4 Kc6 39. a4 a5 40. b5+ Kxc5 41. Bxa5 b6 42. Be1 Kc4 43. Kxe2 Kb3 44. a5 bxa5 45. Bxa5 Kc2 46. b6 cxb6 47. Bxb6 Kc3 48. Kf3 Kc4 49. Bg1 Nd4+ 50. Kg4 Kd3 51. Kxh3 Nc2 52. Ba7 Nd4 1/2-1/2

[Event "SLO-chT U20"]
[Site "Nova Gorica"]
[Date "2004.08.27"]
[Round "9"]
[White "Bilbija, Istok"]
[Black "Bucar, Natasa"]
[Result "1/2-1/2"]
[WhiteElo "2009"]
[BlackElo "1636"]
[PlyCount "87"]
[EventDate "2004.08.21"]
[EventType "team"]
[EventRounds "9"]
[EventCountry "SLO"]
[SourceTitle "EXT 2009"]
[Source "ChessBase"]
[SourceDate "2008.11.26"]
[SourceVersion "1"]
[SourceVersionDate "2008.11.26"]
[SourceQuality "1"]

1. e4 c5 2. Nc3 Nf6 3. g3 d6 4. f4 e6 5. d3 Nc6 6. Bg2 Qc7 7. Nf3 Be7 8. 0-0 0-0 9. h3 a6 10. a4 b6 11. Be3 Bb7 12. Qe2 d5 13. exd5 exd5 14. Bf2 Rfe8 15. Rfe1 Bd6 16. Qd2 Re7 17. Rxe7 Qxe7 18. Nh4 d4 19. Ne4 Nxe4 20. Bxe4 Qc7 21. Re1 Ne7 22. Qe2 Nd5 23. Nf5 Bf8 24. Bxd5 Bxd5 25. Ne7+ Bxe7 26. Qxe7 Qxe7 27. Rxe7 Rb8 28. Be1 Kf8 29. Ra7 a5 30. Kf2 Ra8 31. Rxa8+ Bxa8 32. c3 dxc3 33. Bxc3 f6 34. d4 c4 35. Ke3 Bc6 36. d5 Bxa4 37. Bd4 Bd7 38. Bxb6 Bxh3 39. Kd4 Ke8 40. Kxc4 a4 41. Kc5 Bd7 42. Kd6 h5 43. Bc5 Bg4 44. Kc6 1/2-1/2

[Event "SLO-chT U20"]
[Site "Nova Gorica"]
[Date "2004.08.23"]
[Round "4"]
[White "Bilbija, Istok"]
[Black "Gorsek, Gregor"]
[Result "1/2-1/2"]
[WhiteElo "2009"]
[BlackElo "1651"]
[PlyCount "99"]
[EventDate "2004.08.21"]
[EventType "team"]
[EventRounds "9"]
[EventCountry "SLO"]
[SourceTitle "EXT 2009"]
[Source "ChessBase"]
[SourceDate "2008.11.26"]
[SourceVersion "1"]
[SourceVersionDate "2008.11.26"]
[SourceQuality "1"]

1. e4 d6 2. d4 g6 3. f4 Bg7 4. Nf3 Bg4 5. Be2 Nc6 6. Be3 e5 7. fxe5 Bxf3 8. Bxf3 dxe5 9. d5 Nce7 10. 0-0 Nf6 11. Nc3 0-0 12. Qd2 Nd7 13. Bh6 f5 14. Bxg7 Kxg7 15. d6 cxd6 16. Qxd6 f4 17. Rad1 Qb6+ 18. Qxb6 Nxb6 19. Be2 Rad8 20. Kf2 a6 21. Rd3 Rxd3 22. Bxd3 Nc6 23. Rd1 Rd8 24. a3 Kf6 25. b3 Nd4 26. Ne2 Nxe2 27. Kxe2 g5 28. Kf3 h5 29. h3 Nc8 30. Be2 Rxd1 31. Bxd1 Ne7 32. b4 Nc6 33. c3 Na7 34. a4 Nc8 35. a5 Nd6 36. Be2 Nb5 37. Bxb5 axb5 38. c4 bxc4 39. b5 g4+ 40. hxg4 hxg4+ 41. Ke2 c3 42. a6 bxa6 43. bxa6 c2 44. Kd2 f3 45. gxf3 gxf3 46. a7 f2 47. a8Q c1Q+ 48. Kxc1 f1Q+ 49. Kd2 Qf2+ 50. Kd1 1/2-1/2

[Event "SLO-chT U20"]
[Site "Nova Gorica"]
[Date "2004.08.22"]
[Round "2"]
[White "Bilbija, Istok"]
[Black "Ursic, Jakob"]
[Result "1-0"]
[WhiteElo "2009"]
[BlackElo "1983"]
[PlyCount "99"]
[EventDate "2004.08.21"]
[EventType "team"]
[EventRounds "9"]
[EventCountry "SLO"]
[SourceTitle "EXT 2009"]
[Source "ChessBase"]
[SourceDate "2008.11.26"]
[SourceVersion "1"]
[SourceVersionDate "2008.11.26"]
[SourceQuality "1"]

1. e4 e5 2. f4 d5 3. exd5 c6 4. Nc3 exf4 5. Nf3 Bd6 6. d4 Ne7 7. dxc6 Nbxc6 8. Bb5 0-0 9. 0-0 Bd7 10. Ne4 Bc7 11. Nc5 a6 12. Nxb7 Qc8 13. Bxc6 Bxc6 14. Nc5 Qg4 15. h3 Qg6 16. Nd3 Nd5 17. Nde5 Qf6 18. Nxc6 Qxc6 19. c3 Ne3 20. Bxe3 fxe3 21. Re1 Rfe8 22. Qd3 Qe6 23. Ng5 Qh6 24. Qf5 Qg6 25. Qxg6 hxg6 26. Re2 Bg3 27. Nf3 f6 28. d5 Rad8 29. Rd1 Bb8 30. c4 Ba7 31. Nd4 Bxd4 32. Rxd4 f5 33. c5 Re5 34. b4 Rexd5 35. Rxd5 Rxd5 36. Rxe3 Kf7 37. Kf2 Rd2+ 38. Re2 Rd4 39. a3 Rc4 40. Rb2 a5 41. Ke2 Rc3 42. Kd2 Rxa3 43. b5 Ra4 44. b6 Rd4+ 45. Ke3 Rd8 46. c6 a4 47. c7 Re8+ 48. Kf3 a3 49. Ra2 Ke7 50. b7 1-0

[Event "Ljubljana op 15th"]
[Site "Ljubljana"]
[Date "2004.07.16"]
[Round "9"]
[White "Bilbija, Istok"]
[Black "Roskar, Robert"]
[Result "0-1"]
[WhiteElo "2009"]
[BlackElo "2246"]
[PlyCount "38"]
[EventDate "2004.07.10"]
[EventType "swiss"]
[EventRounds "9"]
[EventCountry "SLO"]
[SourceTitle "CBM 101 Extra"]
[Source "ChessBase"]
[SourceDate "2004.09.01"]
[SourceVersion "2"]
[SourceVersionDate "2004.09.01"]
[SourceQuality "1"]

1. e4 c5 2. Nc3 Nc6 3. g3 g6 4. Bg2 Bg7 5. d3 Rb8 6. Be3 d6 7. f4 b5 8. Rb1 b4 9. Nce2 Qa5 10. b3 Qxa2 11. e5 Qa6 12. d4 Nh6 13. exd6 Nf5 14. Bf2 Ncxd4 15. dxe7 Bb7 16. Bxb7 Rxb7 17. Nxd4 Bxd4 18. Ne2 Rxe7 19. 0-0 Qxe2 0-1

[Event "Ljubljana op 15th"]
[Site "Ljubljana"]
[Date "2004.07.10"]
[Round "1"]
[White "Bilbija, Istok"]
[Black "Ivanisevic, Ivan"]
[Result "0-1"]
[WhiteElo "2009"]
[BlackElo "2544"]
[PlyCount "80"]
[EventDate "2004.07.10"]
[EventType "swiss"]
[EventRounds "9"]
[EventCountry "SLO"]
[SourceTitle "CBM 101 Extra"]
[Source "ChessBase"]
[SourceDate "2004.09.01"]
[SourceVersion "2"]
[SourceVersionDate "2004.09.01"]
[SourceQuality "1"]

1. e4 e5 2. f4 exf4 3. Nf3 Nf6 4. e5 Nh5 5. Bc4 d5 6. exd6 Bxd6 7. 0-0 0-0 8. d4 c5 9. Ne5 Bxe5 10. dxe5 Qxd1 11. Rxd1 Bg4 12. Re1 Nc6 13. Bd5 Nd4 14. Na3 Rab8 15. c3 Ne2+ 16. Kf2 Nxc1 17. Raxc1 Rfd8 18. Bf3 Bxf3 19. Kxf3 Rd3+ 20. Ke2 Rd5 21. Kf1 Kf8 22. e6 Re8 23. exf7 Rxe1+ 24. Rxe1 Kxf7 25. Nc4 Nf6 26. Na5 b6 27. Nc6 Rd2 28. Ne5+ Kf8 29. Re2 Rd1+ 30. Re1 Rxe1+ 31. Kxe1 g5 32. Ke2 a6 33. a4 Ke7 34. Nc4 Nd5 35. Kf3 Ke6 36. h4 gxh4 37. Ke4 Ne3 38. Nxe3 fxe3 39. Kxe3 Kf5 40. Kf3 c4 0-1

[Event "Pula op 18th"]
[Site "Pula"]
[Date "2004.06.20"]
[Round "1"]
[White "Kutuzovic, Branko"]
[Black "Bilbija, Istok"]
[Result "1-0"]
[WhiteElo "2378"]
[BlackElo "2052"]
[PlyCount "71"]
[EventDate "2004.06.19"]
[EventType "swiss"]
[EventRounds "9"]
[EventCountry "CRO"]
[SourceTitle "CBM 100 Extra"]
[Source "ChessBase"]
[SourceDate "2004.07.06"]
[SourceVersion "2"]
[SourceVersionDate "2004.07.06"]
[SourceQuality "1"]

1. e4 c5 2. Nf3 d6 3. d4 cxd4 4. Nxd4 Nf6 5. Nc3 g6 6. Be3 Bg7 7. f3 0-0 8. Qd2 Nc6 9. 0-0-0 d5 10. exd5 Nxd5 11. Nxc6 bxc6 12. Bd4 e5 13. Bc5 Be6 14. Ne4 Re8 15. h4 h6 16. g4 Nf4 17. Qe1 Qc7 18. c4 Red8 19. Bd6 Qc8 20. Kb1 h5 21. g5 Bf5 22. c5 Qb7 23. Bc4 Re8 24. Qa5 Nd5 25. Qd2 Nc7 26. Ka1 Nb5 27. Bxb5 Qxb5 28. Nf6+ Bxf6 29. gxf6 Kh7 30. Rhg1 Qa4 31. Qg5 Be6 32. b3 Bxb3 33. Rd2 Bd5 34. Bxe5 Bxf3 35. Bf4 Rh8 36. Qh6+ 1-0

[Event "SLO-ch U16"]
[Site "Celje"]
[Date "2004.02.23"]
[Round "5"]
[White "Bilbija, Istok"]
[Black "Lenic, Luka"]
[Result "0-1"]
[WhiteElo "2052"]
[BlackElo "2374"]
[PlyCount "111"]
[EventDate "2004.02.22"]
[EventType "swiss"]
[EventRounds "9"]
[EventCountry "SLO"]
[SourceTitle "EXT 2008"]
[Source "ChessBase"]
[SourceDate "2007.11.25"]
[SourceVersion "1"]
[SourceVersionDate "2007.11.25"]
[SourceQuality "1"]

1. e4 c5 2. Nc3 Nc6 3. g3 g6 4. Bg2 Bg7 5. d3 e6 6. f4 d6 7. Nf3 Nge7 8. 0-0 0-0 9. Be3 Nd4 10. e5 Nef5 11. Bf2 Nxf3+ 12. Qxf3 Nd4 13. Qd1 dxe5 14. fxe5 Bxe5 15. Ne4 f5 16. Nxc5 Qc7 17. b4 Bg7 18. Rc1 f4 19. gxf4 Qxf4 20. Ne4 Qxc1 21. Qxc1 Ne2+ 22. Kh1 Nxc1 23. Rxc1 Rf7 24. Bc5 Bf8 25. a3 Bd7 26. Bxf8 Rfxf8 27. Nc5 Bc6 28. Bxc6 bxc6 29. Nxe6 Rf2 30. Kg1 Rd2 31. Nd4 Rf8 32. Nb3 Rdf2 33. Nc5 R2f5 34. Ne4 a5 35. Rb1 Rb8 36. Kg2 axb4 37. axb4 Rfb5 38. c3 c5 39. Nd6 R5b6 40. Nc4 R6b7 41. Na5 Rd7 42. Nc6 Rb6 43. b5 Rxd3 44. c4 Rd2+ 45. Kg3 Rc2 46. Ne5 Re6 47. Kf4 Rf2+ 48. Kg3 Rc2 49. Kf4 Rf6+ 50. Kg3 Rff2 51. Nd3 Rg2+ 52. Kf3 Rxh2 53. b6 Rh3+ 54. Ke4 Rxc4+ 55. Kd5 Ra4 56. Kxc5 0-1

[Event "Portoroz op"]
[Site "Portoroz"]
[Date "2003.05.03"]
[Round "9"]
[White "Vasic, Petar"]
[Black "Bilbija, Istok"]
[Result "1/2-1/2"]
[WhiteElo "2176"]
[BlackElo "2070"]
[PlyCount "94"]
[EventDate "2003.04.??"]
[EventType "swiss"]
[EventRounds "9"]
[EventCountry "SLO"]
[SourceTitle "EXT 2005"]
[Source "ChessBase"]
[SourceDate "2004.11.15"]
[SourceVersion "1"]
[SourceVersionDate "2004.11.15"]
[SourceQuality "1"]

1. e4 c5 2. Nf3 d6 3. d4 cxd4 4. Nxd4 Nf6 5. Nc3 g6 6. Be2 Bg7 7. Be3 0-0 8. Qd2 Nc6 9. f3 Bd7 10. g4 Rc8 11. h4 h5 12. Nxc6 bxc6 13. e5 dxe5 14. gxh5 Nxh5 15. Ne4 Bf5 16. Qxd8 Rfxd8 17. Bxa7 Bxe4 18. fxe4 Ng3 19. Rg1 Nxe4 20. h5 gxh5 21. Be3 Kf8 22. Bxh5 Nf6 23. Be2 Rb8 24. b3 Nd5 25. Bc5 Bh6 26. a4 Be3 27. Bxe3 Nxe3 28. Bd3 Rxd3 29. cxd3 Nc2+ 30. Kd2 Nxa1 31. Rxa1 Rxb3 32. a5 Rb7 33. a6 Ra7 34. Kc3 Ke8 35. Kb4 Kd7 36. Ka5 Kc7 37. Rb1 f6 38. Rb2 f5 39. Re2 Kb8 40. Rxe5 Rd7 41. Kb6 Rxd3 42. Rxe7 Rb3+ 43. Kxc6 f4 44. Rf7 f3 45. Kc5 f2 46. Rxf2 Ka7 47. Rf6 Rb1 1/2-1/2

[Event "Portoroz op"]
[Site "Portoroz"]
[Date "2003.04.26"]
[Round "2"]
[White "Srebrnic, Marko"]
[Black "Bilbija, Istok"]
[Result "1-0"]
[WhiteElo "2204"]
[BlackElo "2070"]
[PlyCount "65"]
[EventDate "2003.04.??"]
[EventType "swiss"]
[EventRounds "9"]
[EventCountry "SLO"]
[SourceTitle "EXT 2005"]
[Source "ChessBase"]
[SourceDate "2004.11.15"]
[SourceVersion "1"]
[SourceVersionDate "2004.11.15"]
[SourceQuality "1"]

1. e4 c5 2. Nf3 d6 3. d4 cxd4 4. Nxd4 Nf6 5. Nc3 g6 6. Be3 Bg7 7. f3 0-0 8. Qd2 Nc6 9. Bc4 Bd7 10. 0-0-0 Rc8 11. Bb3 Ne5 12. Kb1 Nc4 13. Bxc4 Rxc4 14. g4 h5 15. h3 a5 16. a4 Qc8 17. gxh5 Nxh5 18. Nd5 Re8 19. Nb6 Qc7 20. Nxc4 Qxc4 21. b3 Qc7 22. Rhg1 Rb8 23. Nb5 Bxb5 24. axb5 Ra8 25. Bd4 a4 26. Bxg7 Nxg7 27. f4 Qc5 28. b4 Qxb5 29. f5 gxf5 30. exf5 Qxf5 31. Qh6 Qe5 32. Rd5 Qc3 33. Rxg7+ 1-0